Traduction en/fr: adjectif qualificatif de description - Statistiques

Statistiques générales
  • Ce quiz a été pris 122 fois
  • Le résultat moyen est 12 sur 14
Statistiques - réponses
Mots Traduction % Correct
small petit
100%
Tall Grand
99%
big gros
95%
long long
95%
beautiful beau
93%
horrible horrible
93%
short court
91%
the size la taille
91%
the weight le poids
87%
pretty joli
78%
ugly laid
70%
thin mince
70%
fat gras
65%
nice joli
27%
Aucun quiz correspondant
Distribution des résultats
% des personnes avec chaque résultat
Percentile par nombre de réponses
Votre historique - résultats
Vous n’avez pas pris ce quiz